Rex barks: diagramming sentences made easy

Đã lưu trong:
Chi tiết về thư mục
Tác giả chính: Davenport, Phyllis (Tác giả)
Định dạng: Sách
Ngôn ngữ:Tiếng Anh
Được phát hành: Nueva York The Paper Tiger 2004
Những chủ đề:
Các nhãn: Thêm thẻ
Không có thẻ, Là người đầu tiên thẻ bản ghi này!

MARC

LEADER 00000cam a2200000 a 4500
001 UCF4532
003 CL-VaPUC
008 121213e20040000US |||||||||||||||||eng|d
020 |a 1889439355 
082 0 4 |a 425  |b DAV  |2 21 
100 0 |a Davenport, Phyllis  |e author  |9 566059 
245 1 0 |a Rex barks: diagramming sentences made easy 
300 |a 152 p 
942 |c BK 
945 |d 20121213 00:00:00  |a dcastane 
260 |a Nueva York  |b The Paper Tiger  |c 2004 
650 0 |a Gramática inglesa  |9 392981 
650 0 |a Enseñanza de idiomas  |9 339820 
650 0 |a Enseñanza del inglés  |9 367340 
583 |a last modification  |c 20121213 11:07:00  |k Rodrigo Vera 
999 |c 350293  |d 350291 
952 |0 0  |1 0  |4 0  |6 425_000000000000000_DAV_2004  |7 0  |8 A  |9 453562  |a BIBEDU  |b BIBEDU  |d 2019-11-22  |i 4932870  |o 425 DAV 2004  |p 4932870  |r 2019-11-22  |w 2019-11-22  |y BK  |k LIT